Länder mit der höchsten Bevölkerungsdichte - Statistiken

Allgemein
  • Dieses Quiz wurde 64 mal gespielt
  • Das Durchschnittsergebnis liegt bei 11 aus 20
Antwortstatistiken
Dichte Land % Korrekt
8.871 Singapur
93%
18.010 Monaco
91%
1.211 Vatikanstadt
82%
550 San Marino
80%
443 Indien
73%
1.227 Bangladesch
71%
666 Taiwan
68%
518 Südkorea
61%
1.704 Malta
54%
433 Haiti
48%
1,991 Bahrain
45%
445 Tuvalu
43%
456 Israel
39%
1.727 Malediven
39%
619 Nauru
38%
561 Ruanda
30%
657 Barbados
29%
503 Burundi
29%
488 Libanon
29%
639 Mauritius
27%
Keine übereinstimmenden Quizze gefunden
Verteilung der Resultate
Anzahl Personen mit jedem Resultat
Perzentil nach korrekt beantworteten Fragen
Ihre Resultats-Entwicklung
Sie haben dieses Quiz noch nicht gespielt